Physicians' cancer chemotherapy drug manual 2008 / (Record no. 5947)
[ view plain ]
| 000 -LEADER | |
|---|---|
| fixed length control field | 00984nam a22002657a 4500 |
| 003 - CONTROL NUMBER IDENTIFIER | |
| control field | OSt |
| 005 - DATE AND TIME OF LATEST TRANSACTION | |
| control field | 20250320061308.0 |
| 008 - FIXED-LENGTH DATA ELEMENTS--GENERAL INFORMATION | |
| fixed length control field | 250319t2008 |||a|||| |||| 001 | eng d |
| 020 ## - INTERNATIONAL STANDARD BOOK NUMBER | |
| International Standard Book Number | 978-971-584-740-7 |
| 040 ## - CATALOGING SOURCE | |
| Transcribing agency | JMCFI - Learning Resource Center |
| 082 ## - DEWEY DECIMAL CLASSIFICATION NUMBER | |
| Classification number | MAHL/Phrma 615 C559 2008 |
| 100 ## - MAIN ENTRY--PERSONAL NAME | |
| Personal name | Chu, Edward |
| 9 (RLIN) | 18742 |
| 245 ## - TITLE STATEMENT | |
| Title | Physicians' cancer chemotherapy drug manual 2008 / |
| Statement of responsibility, etc. | Edward Chu and Vincent T. DeVita Jr. |
| 260 ## - PUBLICATION, DISTRIBUTION, ETC. | |
| Place of publication, distribution, etc. | Massachusetts : |
| Name of publisher, distributor, etc. | Jones and Bartlett Publishers Inc., |
| Date of publication, distribution, etc. | 2008. |
| 300 ## - PHYSICAL DESCRIPTION | |
| Extent | x, 522 pages : |
| Other physical details | black and white, illus. ; |
| Dimensions | 21 cm |
| 500 ## - GENERAL NOTE | |
| General note | Includes indexes. |
| 650 ## - SUBJECT ADDED ENTRY--TOPICAL TERM | |
| Topical term or geographic name entry element | Cancer |
| General subdivision | Chemotherapy |
| Geographic subdivision | Handbooks, manuals, etc. |
| 9 (RLIN) | 18743 |
| 650 ## - SUBJECT ADDED ENTRY--TOPICAL TERM | |
| Topical term or geographic name entry element | Antineoplastic agents |
| General subdivision | Therapeutic use. |
| 9 (RLIN) | 18744 |
| 650 ## - SUBJECT ADDED ENTRY--TOPICAL TERM | |
| Topical term or geographic name entry element | Drugs. |
| 9 (RLIN) | 6620 |
| 650 ## - SUBJECT ADDED ENTRY--TOPICAL TERM | |
| Topical term or geographic name entry element | Chemotherapy. |
| 9 (RLIN) | 18042 |
| 650 ## - SUBJECT ADDED ENTRY--TOPICAL TERM | |
| Topical term or geographic name entry element | Neoplasms |
| General subdivision | Drug therapy. |
| 9 (RLIN) | 18745 |
| 650 ## - SUBJECT ADDED ENTRY--TOPICAL TERM | |
| Topical term or geographic name entry element | Antineoplastic agents |
| General subdivision | Handbooks, manuals, etc. |
| 9 (RLIN) | 18746 |
| 700 ## - ADDED ENTRY--PERSONAL NAME | |
| Personal name | DeVita , Vincent Jr. T |
| 9 (RLIN) | 18747 |
| 942 ## - ADDED ENTRY ELEMENTS (KOHA) | |
| Source of classification or shelving scheme | Dewey Decimal Classification |
| Koha item type | Books |
| Suppress in OPAC | No |
| Withdrawn status | Lost status | Source of classification or shelving scheme | Damaged status | Not for loan | Home library | Current library | Shelving location | Date acquired | Total Checkouts | Full call number | Barcode | Date last seen | Copy number | Price effective from | Koha item type |
|---|---|---|---|---|---|---|---|---|---|---|---|---|---|---|---|
| Dewey Decimal Classification | LRC - Medical and Allied Health | LRC - Medical and Allied Health | MAHL - Pharmacy | 11/01/2019 | MAHL/Phrma 615 C559 2008 c1 | MAHL00000690 | 03/19/2025 | 1 | 03/19/2025 | Books | |||||
| Dewey Decimal Classification | LRC - Medical and Allied Health | LRC - Medical and Allied Health | MAHL - Pharmacy | 11/01/2019 | MAHL/Phrma 615 C559 2008 c2 | MAHL00000691 | 03/19/2025 | 2 | 03/19/2025 | Books | |||||
| Dewey Decimal Classification | LRC - Medical and Allied Health | LRC - Medical and Allied Health | MAHL - Pharmacy | 11/01/2019 | MAHL/Phrma 615 C559 2008 c3 | MAHL00000692 | 03/19/2025 | 3 | 03/19/2025 | Books | |||||
| Dewey Decimal Classification | LRC - Medical and Allied Health | LRC - Medical and Allied Health | MAHL - Pharmacy | 11/01/2019 | MAHL/Phrma 615 C559 2008 c4 | MAHL00000693 | 03/19/2025 | 4 | 03/19/2025 | Books | |||||
| Dewey Decimal Classification | LRC - Medical and Allied Health | LRC - Medical and Allied Health | MAHL - Pharmacy | 11/01/2019 | MAHL/Phrma 615 C559 2008 c5 | MAHL00000819 | 03/20/2025 | 5 | 03/20/2025 | Books | |||||
| Dewey Decimal Classification | LRC - Medical and Allied Health | LRC - Medical and Allied Health | MAHL - Pharmacy | 11/01/2019 | MAHL/Phrma 615 C559 2008 c6 | MAHL00001251 | 03/26/2025 | 6 | 03/26/2025 | Books |